000
00281nam a22001097a 4500
082
_a
339GRO.
245
_a
Growth poles and growth centres in regional planning.
260
_a
Paris.
_b
Mouton.
_c
1972.
300
_a
x, 306p.
_b
ill.; 23cm.
500
_a
Includes biography.
942
_c
BK
999
_c
13849
_d
13849